| 000 | 00608nam a22002057a 4500 | ||
|---|---|---|---|
| 001 | 000158079 | ||
| 003 | AM-YeHGA | ||
| 005 | 20250617123219.0 | ||
| 008 | 000302s1976 rus||||| |||| 00| 0 rus d | ||
| 020 | _c00.48 | ||
| 040 | _aAM-YeHGA | ||
| 041 | 0 | _arus | |
| 100 | 1 | _aРодионова, Юлия Михайловна | |
| 245 | 1 | 0 |
_aПрограммирование : _bУчебное пособие / _cЮ.М. Родионова. |
| 260 |
_aМосква : _bПросвещение, _c1976. |
||
| 300 | _a176 с. | ||
| 650 | 1 | 4 | _aПрограммирование |
| 942 |
_2udc _cBK |
||
| 090 | _c54790 | ||
| 999 |
_c53942 _d53942 |
||